000 00491nam a2200169Ia 4500
999 _c21965
_d21965
003 OSt
005 20211110102922.0
008 190216s9999||||xx |||||||||||||| ||und||
040 _coclc
082 _a297
_bJAM/L
100 _aJamali, Mohammed Fadhel
_98891
245 0 _aLetters On Islam /
_cMohammed Fadhel Jamali
260 _bOxford University Press,
_c1965.
_aLondon:
300 _a108p
650 _aIslamic History
942 _cBK
_2ddc
_h297
_iJAM/L
_k297
_mJAM/L